| 000 | 00451nam a2200169Ia 4500 | ||
|---|---|---|---|
| 003 | SGT | ||
| 020 | _a8170293138 | ||
| 082 |
_a5.4469 _bROB |
||
| 100 | _aRobbins,Judd | ||
| 245 | _aMastering DOS 6.0 & 6.2 | ||
| 250 | _a2nd Ed. | ||
| 260 |
_bBPB Publications _aNew Delhi _c2005 |
||
| 300 | _a1018p. | ||
| 650 | _aCOMPUTER ENGINEERING | ||
| 653 | _aGETTING STARTED,COMPUTER PROGRAMMING, PROGRAMS & DATA , DESIGNING POWER SHORTCUTS | ||
| 942 |
_2ddc _cBK |
||
| 999 |
_c5356 _d5356 |
||